000 00245nam a22001217a 4500
008 170426b xxu||||| |||| 00| 0 eng d
041 _aeng
080 _a54
100 _a12
101 _aSHN
245 _aKIMIA 9
_cANDONI.E
942 _2udc
_cBK
999 _c12022
_d12022